000 00378 a2200169 4500
001 186937
020 _a85-02-05491-0
040 _cMagnum
100 _aRegino, Maria
240 1 0 _aMuito além da imaginação
_lpor
245 1 0 _aMuito além da imaginação
300 _a78
362 0 _a2005
440 1 _aSaraiva
697 _aLITERATURA INFANTO-JUVENIL
942 _cBK
999 _c186937
_d186937